000 00658cam a22002051a 4500
001 sa 68010195
003 DLC
005 20260227112551.0
008 800310s1966 pk af f000 0 eng
010 _asa 68010195
035 _a(OCoLC)6065356
040 _aDLC
_cNOsU
_dTxU
_dDLC
042 _apremarc
050 0 0 _aDS378
_b.A53 1966
110 1 _aPakistan.
_bDepartment of Archaeology & Museums.
245 1 0 _aCultural heritage of Pakistan.
260 _aKarachi :
_bDept. of Archaeology and Museums, Ministry of Education, Government of Pakistan,
_c1966.
300 _a84 p., lxxviii p. of plates :
_bill. ;
_c25 cm.
651 0 _aPakistan
_xAntiquities.
999 _c83364
_d83364